000 00640nam a2200241Ia 4500
003 OSt
005 20221007102922.0
006 a|||||r|||| 00| 0
007 ta
008 221006b |||||||| |||| 00| 0 eng d
024 _a11,746
037 _cTextual
040 _aLCO
_cLCO
_beng
041 _2eng
_aeng
082 _aX:517:(Z2), N3
100 _aSingh A.
_9129342
245 0 _aLaw of Monopolies Restrictive and Unfair Trade Practices
250 _a3rd
260 _aLucknow
_bEastern Book Company India
_c1993
300 _a247
942 _hX:517:(Z2), N3
_cTEXL
999 _c1181309
_d1181309